<?xml version="1.0" encoding="UTF-8"?>
<record
    xmlns:xsi="http://www.w3.org/2001/XMLSchema-instance"
    xsi:schemaLocation="http://www.loc.gov/MARC21/slim http://www.loc.gov/standards/marcxml/schema/MARC21slim.xsd"
    xmlns="http://www.loc.gov/MARC21/slim">

  <leader>01081nam a22002657a 4500</leader>
  <controlfield tag="005">2009080405165.0</controlfield>
  <controlfield tag="008">090728t        xxu||||| |||| 00| 0 pun d</controlfield>
  <datafield tag="010" ind1=" " ind2=" ">
    <subfield code="a">PUN-7476</subfield>
  </datafield>
  <datafield tag="020" ind1=" " ind2=" ">
    <subfield code="c">780.00</subfield>
    <subfield code="a">9788179144619</subfield>
  </datafield>
  <datafield tag="035" ind1=" " ind2=" ">
    <subfield code="a">PN-6594</subfield>
  </datafield>
  <datafield tag="037" ind1=" " ind2=" ">
    <subfield code="b">DBAD / PUB/Tarlochan Publishers</subfield>
  </datafield>
  <datafield tag="040" ind1=" " ind2=" ">
    <subfield code="a">dpl</subfield>
    <subfield code="b">PN</subfield>
  </datafield>
  <datafield tag="082" ind1=" " ind2=" ">
    <subfield code="a">854</subfield>
  </datafield>
  <datafield tag="100" ind1=" " ind2=" ">
    <subfield code="9">37323</subfield>
  </datafield>
  <datafield tag="245" ind1=" " ind2=" ">
    <subfield code="a">&#xA2E;&#xA32;&#xA1F;&#xA40; &#xA35;&#xA3F;&#xA1F;&#xA3E;&#xA2E;&#xA3F;&#xA28;:</subfield>
    <subfield code="c">&#xA17;&#xA41;&#xA30;&#xA26;&#xA3F;&#xA06;&#xA32; &#xA15;&#xA70;&#xA35;&#xA32; &#xA26;&#xA4D;&#xA35;&#xA3E;&#xA30;&#xA3E; &#xA38;&#xA70;&#xA2A;&#xA3E;&#xA26;&#xA3F;&#xA24;</subfield>
    <subfield code="b">&#xA2A;&#xA70;&#xA1C;&#xA3E;&#xA2C;&#xA40; &#xA38;&#xA3E;&#xA39;&#xA3F;&#xA24;&#xA15; &#xA35;&#xA70;&#xA28;&#xA17;&#xA40;&#xA06;&#xA02; &#xA26;&#xA3E; &#xA15;&#xA47;&#xA2A;&#xA38;&#xA42;&#xA32; /</subfield>
  </datafield>
  <datafield tag="246" ind1=" " ind2=" ">
    <subfield code="a">Multi Vitamin</subfield>
    <subfield code="b"> by Gurdiyal Kanwal</subfield>
  </datafield>
  <datafield tag="260" ind1=" " ind2=" ">
    <subfield code="a">Delhi</subfield>
    <subfield code="b">Tarlochan Publishers</subfield>
    <subfield code="c">2012</subfield>
  </datafield>
  <datafield tag="270" ind1=" " ind2=" ">
    <subfield code="b">Shop No-7,12/190 ,Geeta Colony</subfield>
    <subfield code="a">Delhi</subfield>
    <subfield code="k">9312271252</subfield>
    <subfield code="e">110031</subfield>
    <subfield code="m">manpreet1948@gmail.com</subfield>
  </datafield>
  <datafield tag="300" ind1=" " ind2=" ">
    <subfield code="a">200&#xA2A;&#xA02;;</subfield>
    <subfield code="b">22&#xA38;&#xA47;&#xA02;&#xA2E;&#xA40;(&#xA38;&#xA1C;&#xA3F;&#xA32;&#xA26;)</subfield>
  </datafield>
  <datafield tag="650" ind1=" " ind2=" ">
    <subfield code="9">37324</subfield>
  </datafield>
  <datafield tag="650" ind1=" " ind2=" ">
    <subfield code="9">37325</subfield>
  </datafield>
  <datafield tag="700" ind1=" " ind2=" ">
    <subfield code="9">53424</subfield>
  </datafield>
  <datafield tag="942" ind1=" " ind2=" ">
    <subfield code="2">ddc</subfield>
    <subfield code="c">PN</subfield>
    <subfield code="h">854</subfield>
    <subfield code="m">&#xA2E;&#xA32;&#xA1F;&#xA40;</subfield>
  </datafield>
  <datafield tag="999" ind1=" " ind2=" ">
    <subfield code="c">71398</subfield>
    <subfield code="d">71398</subfield>
  </datafield>
  <datafield tag="952" ind1=" " ind2=" ">
    <subfield code="0">0</subfield>
    <subfield code="1">0</subfield>
    <subfield code="2">ddc</subfield>
    <subfield code="4">0</subfield>
    <subfield code="7">0</subfield>
    <subfield code="8">NFIC</subfield>
    <subfield code="a">DBAD</subfield>
    <subfield code="b">DBAD</subfield>
    <subfield code="d">2012-11-09</subfield>
    <subfield code="e">DBAD / PUB</subfield>
    <subfield code="g">780.00</subfield>
    <subfield code="l">0</subfield>
    <subfield code="o">854 &#xA2E;&#xA32;&#xA1F;&#xA40;</subfield>
    <subfield code="p">PN-6594</subfield>
    <subfield code="r">2012-11-09 00:00:00</subfield>
    <subfield code="t">1</subfield>
    <subfield code="v">780.00</subfield>
    <subfield code="w">2012-11-09</subfield>
    <subfield code="y">PN</subfield>
  </datafield>
</record>
